[Event "Kadettlandskamp NOR-SWE A 2018"]
[Site "NTG, Bærum, Norway"]
[Date "2018.12.15"]
[Round "1.1"]
[White "Carlsson, Ludvig"]
[Black "Kaasen, Tor Fredrik"]
[Result "0-1"]
[WhiteTitle "CM"]
[BlackTitle "IM"]
[WhiteFideId "1727010"]
[BlackFideId "1516647"]
[WhiteElo "1978"]
[BlackElo "2106"]

1. d4 {[%clk 00:15:18]} {[%emt 00:00:01]} Nf6 {[%clk 00:15:16]} {[%emt
00:00:05]} 2. Nf3 {[%clk 00:15:26]} {[%emt 00:00:01]} g6 {[%clk 00:15:23]}
{[%emt 00:00:04]} 3. Bg5 {[%clk 00:15:34]} {[%emt 00:00:01]} Bg7 {[%clk
00:15:30]} {[%emt 00:00:04]} 4. Nbd2 {[%clk 00:15:42]} {[%emt 00:00:01]} c5
{[%clk 00:15:20]} {[%emt 00:00:21]} 5. Bxf6 {[%clk 00:15:50]} {[%emt 00:00:02]}
Bxf6 {[%clk 00:15:14]} {[%emt 00:00:16]} 6. Ne4 {[%clk 00:15:57]} {[%emt
00:00:02]} Bxd4 {[%clk 00:15:06]} {[%emt 00:00:18]} 7. Nxd4 {[%clk 00:16:03]}
{[%emt 00:00:04]} cxd4 {[%clk 00:15:15]} {[%emt 00:00:02]} 8. Qxd4 {[%clk
00:16:10]} {[%emt 00:00:02]} O-O {[%clk 00:15:17]} {[%emt 00:00:09]} 9. c4
{[%clk 00:16:16]} {[%emt 00:00:03]} Nc6 {[%clk 00:15:16]} {[%emt 00:00:12]} 10.
Qd2 {[%clk 00:16:19]} {[%emt 00:00:06]} d6 {[%clk 00:14:02]} {[%emt 00:01:25]}
11. e3 {[%clk 00:14:39]} {[%emt 00:01:49]} Bf5 {[%clk 00:13:26]} {[%emt
00:00:46]} 12. Nc3 {[%clk 00:14:44]} {[%emt 00:00:05]} Rc8 {[%clk 00:13:04]}
{[%emt 00:00:33]} 13. Be2 {[%clk 00:13:53]} {[%emt 00:01:01]} a6 {[%clk
00:12:49]} {[%emt 00:00:27]} 14. O-O {[%clk 00:13:55]} {[%emt 00:00:06]} Qa5
{[%clk 00:12:00]} {[%emt 00:00:59]} 15. Rfd1 {[%clk 00:13:54]} {[%emt
00:00:10]} Rfd8 {[%clk 00:11:04]} {[%emt 00:01:08]} 16. Rac1 {[%clk 00:13:46]}
{[%emt 00:00:18]} Bd7 {[%clk 00:08:43]} {[%emt 00:02:31]} 17. b3 {[%clk
00:13:25]} {[%emt 00:00:31]} Rb8 {[%clk 00:08:14]} {[%emt 00:00:40]} 18. Qb2
{[%clk 00:11:42]} {[%emt 00:01:53]} Qe5 {[%clk 00:07:49]} {[%emt 00:00:34]} 19.
h3 {[%clk 00:11:13]} {[%emt 00:00:39]} Qf6 {[%clk 00:07:15]} {[%emt 00:00:44]}
20. Rd2 {[%clk 00:10:50]} {[%emt 00:00:33]} b6 {[%clk 00:06:10]} {[%emt
00:01:15]} 21. b4 {[%clk 00:09:25]} {[%emt 00:01:35]} Be6 {[%clk 00:05:45]}
{[%emt 00:00:36]} 22. a3 {[%clk 00:08:55]} {[%emt 00:00:40]} Rdc8 {[%clk
00:05:48]} {[%emt 00:00:07]} 23. Qa1 {[%clk 00:07:03]} {[%emt 00:02:02]} Na7
{[%clk 00:04:58]} {[%emt 00:01:00]} 24. c5 {[%clk 00:06:56]} {[%emt 00:00:17]}
bxc5 {[%clk 00:04:48]} {[%emt 00:00:21]} 25. Bxa6 {[%clk 00:06:51]} {[%emt
00:00:15]} cxb4 {[%clk 00:04:00]} {[%emt 00:00:58]} 26. Bxc8 {[%clk 00:06:47]}
{[%emt 00:00:14]} bxc3 {[%clk 00:04:09]} {[%emt 00:00:02]} 27. Qxc3 {[%clk
00:05:58]} {[%emt 00:00:58]} Qxc3 {[%clk 00:03:58]} {[%emt 00:00:22]} 28. Rxc3
{[%clk 00:06:07]} {[%emt 00:00:01]} Nxc8 {[%clk 00:04:03]} {[%emt 00:00:05]} 29.
Rdc2 {[%clk 00:05:58]} {[%emt 00:00:19]} Ra8 {[%clk 00:03:50]} {[%emt
00:00:23]} 30. Rc6 {[%clk 00:05:41]} {[%emt 00:00:26]} Kf8 {[%clk 00:03:29]}
{[%emt 00:00:31]} 31. a4 {[%clk 00:05:34]} {[%emt 00:00:18]} Ke8 {[%clk
00:03:35]} {[%emt 00:00:04]} 32. R6c3 {[%clk 00:04:55]} {[%emt 00:00:49]} Nb6
{[%clk 00:03:06]} {[%emt 00:00:39]} 33. Ra3 {[%clk 00:04:32]} {[%emt 00:00:33]}
Rxa4 {[%clk 00:02:53]} {[%emt 00:00:24]} 34. Rxa4 {[%clk 00:04:38]} {[%emt
00:00:04]} Nxa4 {[%clk 00:03:02]} {[%emt 00:00:01]} 35. h4 {[%clk 00:04:44]}
{[%emt 00:00:04]} h5 {[%clk 00:03:05]} {[%emt 00:00:07]} 36. g3 {[%clk
00:04:52]} {[%emt 00:00:02]} Nc5 {[%clk 00:03:07]} {[%emt 00:00:10]} 37. Kg2
{[%clk 00:04:52]} {[%emt 00:00:09]} Kd7 {[%clk 00:03:12]} {[%emt 00:00:06]} 38.
Rb2 {[%clk 00:04:59]} {[%emt 00:00:02]} Bd5+ {[%clk 00:03:18]} {[%emt
00:00:04]} 39. Kg1 {[%clk 00:05:05]} {[%emt 00:00:03]} Bc6 {[%clk 00:03:15]}
{[%emt 00:00:14]} 40. Ra2 {[%clk 00:05:11]} {[%emt 00:00:04]} e5 {[%clk
00:02:50]} {[%emt 00:00:36]} 41. Kf1 {[%clk 00:05:12]} {[%emt 00:00:08]} d5
{[%clk 00:02:49]} {[%emt 00:00:12]} 42. Ra7+ {[%clk 00:05:17]} {[%emt
00:00:05]} Bb7 {[%clk 00:02:55]} {[%emt 00:00:04]} 43. Ra5 {[%clk 00:05:21]}
{[%emt 00:00:06]} Kc6 {[%clk 00:03:03]} {[%emt 00:00:02]} 44. Ra3 {[%clk
00:05:28]} {[%emt 00:00:02]} d4 {[%clk 00:03:11]} {[%emt 00:00:03]} 45. exd4
exd4 {[%clk 00:03:20]} 46. Ke1 {[%clk 00:04:57]} {[%emt 00:00:45]} Kd5 {[%clk
00:03:24]} {[%emt 00:00:06]} 47. Ke2 {[%clk 00:04:54]} {[%emt 00:00:12]} Kc4
{[%clk 00:03:27]} {[%emt 00:00:08]} 48. Ra1 {[%clk 00:04:42]} {[%emt 00:00:21]}
Nb3 {[%clk 00:02:59]} {[%emt 00:00:38]} 49. Ra4+ {[%clk 00:04:15]} {[%emt
00:00:38]} Kc3 {[%clk 00:03:04]} {[%emt 00:00:04]} 50. Ra3 {[%clk 00:04:10]}
{[%emt 00:00:14]} d3+ {[%clk 00:03:03]} {[%emt 00:00:12]} 51. Kd1 {[%clk
00:04:19]} Bf3+ {[%clk 00:03:12]} {[%emt 00:00:02]} 52. Ke1 {[%clk 00:04:28]}
d2+ {[%clk 00:03:21]} {[%emt 00:00:02]} 53. Kf1 {[%clk 00:04:37]} d1=Q# {[%emt
00:00:04]} 0-1

[Event "Kadettlandskamp NOR-SWE A 2018"]
[Site "NTG, Bærum, Norway"]
[Date "2018.12.15"]
[Round "1.2"]
[White "Vestby-Ellingsen, Mads"]
[Black "Törngren, Gustav"]
[Result "1-0"]
[WhiteTitle "FM"]
[WhiteFideId "1520857"]
[BlackFideId "1728970"]
[WhiteElo "2009"]
[BlackElo "1909"]

1. e4 {[%clk 00:15:16]} {[%emt 00:00:03]} c5 {[%clk 00:15:18]} {[%emt
00:00:04]} 2. Nf3 {[%clk 00:15:23]} {[%emt 00:00:02]} g6 {[%clk 00:15:26]}
{[%emt 00:00:03]} 3. c3 {[%clk 00:15:22]} {[%emt 00:00:10]} d5 {[%clk
00:15:33]} {[%emt 00:00:03]} 4. exd5 {[%clk 00:15:27]} {[%emt 00:00:04]} Qxd5
{[%clk 00:15:41]} {[%emt 00:00:03]} 5. d4 {[%clk 00:15:19]} {[%emt 00:00:18]}
Nc6 {[%clk 00:15:47]} {[%emt 00:00:04]} 6. Be3 {[%clk 00:15:10]} {[%emt
00:00:19]} Bg7 {[%clk 00:15:54]} {[%emt 00:00:03]} 7. Na3 {[%clk 00:15:03]}
{[%emt 00:00:16]} cxd4 {[%clk 00:15:58]} {[%emt 00:00:08]} 8. Nb5 {[%clk
00:14:59]} {[%emt 00:00:13]} Qd8 {[%clk 00:16:07]} {[%emt 00:00:03]} 9. Nbxd4
{[%clk 00:14:56]} {[%emt 00:00:12]} Nxd4 {[%clk 00:16:09]} {[%emt 00:00:08]} 10.
Bxd4 {[%clk 00:14:34]} {[%emt 00:00:32]} Bxd4 {[%clk 00:16:16]} {[%emt
00:00:04]} 11. Nxd4 {[%clk 00:14:17]} {[%emt 00:00:27]} Nf6 {[%clk 00:16:19]}
{[%emt 00:00:07]} 12. Be2 {[%clk 00:14:24]} {[%emt 00:00:03]} O-O {[%clk
00:16:26]} {[%emt 00:00:03]} 13. O-O {[%clk 00:14:29]} {[%emt 00:00:05]} Qb6
{[%clk 00:15:53]} {[%emt 00:00:44]} 14. Qb3 {[%clk 00:14:24]} {[%emt 00:00:15]}
Qxb3 {[%clk 00:15:09]} {[%emt 00:00:54]} 15. axb3 {[%clk 00:14:30]} {[%emt
00:00:03]} Bg4 {[%clk 00:09:00]} {[%emt 00:06:21]} 16. Bxg4 {[%clk 00:11:22]}
{[%emt 00:03:17]} Nxg4 {[%clk 00:09:08]} {[%emt 00:00:02]} 17. Rfe1 {[%clk
00:11:29]} {[%emt 00:00:03]} e6 {[%clk 00:08:40]} {[%emt 00:00:38]} 18. Nb5
{[%clk 00:11:01]} {[%emt 00:00:37]} a6 {[%clk 00:08:17]} {[%emt 00:00:34]} 19.
Nd6 {[%clk 00:11:06]} {[%emt 00:00:05]} Rab8 {[%clk 00:07:52]} {[%emt
00:00:35]} 20. b4 {[%clk 00:10:34]} {[%emt 00:00:42]} Nf6 {[%clk 00:07:32]}
{[%emt 00:00:31]} 21. Red1 {[%clk 00:09:21]} {[%emt 00:01:23]} Rfd8 {[%clk
00:06:32]} {[%emt 00:01:10]} 22. Kf1 {[%clk 00:09:07]} {[%emt 00:00:23]} Kf8
{[%clk 00:05:34]} {[%emt 00:01:09]} 23. Ke2 {[%clk 00:07:35]} {[%emt 00:01:41]}
Ke7 {[%clk 00:05:41]} {[%emt 00:00:03]} 24. Nc4 {[%clk 00:07:42]} {[%emt
00:00:03]} Nd5 {[%clk 00:05:26]} {[%emt 00:00:25]} 25. g3 {[%clk 00:07:45]}
{[%emt 00:00:07]} Rbc8 {[%clk 00:04:06]} {[%emt 00:01:31]} 26. Na5 {[%clk
00:07:37]} {[%emt 00:00:17]} Rc7 {[%clk 00:04:09]} {[%emt 00:00:07]} 27. h4
{[%clk 00:07:11]} {[%emt 00:00:36]} h5 {[%clk 00:04:05]} {[%emt 00:00:14]} 28.
Nb3 {[%clk 00:06:55]} {[%emt 00:00:25]} Rdc8 {[%clk 00:02:21]} {[%emt
00:01:55]} 29. Nc5 {[%clk 00:06:49]} {[%emt 00:00:15]} Kf6 {[%clk 00:02:27]}
{[%emt 00:00:05]} 30. Kf3 {[%clk 00:06:46]} {[%emt 00:00:14]} Re8 {[%clk
00:02:30]} {[%emt 00:00:07]} 31. Re1 {[%clk 00:06:11]} {[%emt 00:00:45]} Nb6
{[%clk 00:02:27]} {[%emt 00:00:12]} 32. Rad1 {[%clk 00:02:48]} {[%emt
00:03:33]} Ke7 {[%clk 00:02:35]} {[%emt 00:00:03]} 33. b3 {[%clk 00:02:27]}
{[%emt 00:00:30]} Rd8 {[%clk 00:02:45]} {[%emt 00:00:02]} 34. Rxd8 {[%clk
00:02:32]} {[%emt 00:00:05]} Kxd8 {[%clk 00:02:53]} {[%emt 00:00:02]} 35. c4
{[%clk 00:02:30]} {[%emt 00:00:11]} Ke7 {[%clk 00:02:56]} {[%emt 00:00:07]} 36.
Kf4 {[%clk 00:02:21]} {[%emt 00:00:18]} Nd7 {[%clk 00:02:35]} {[%emt 00:00:32]}
37. Nd3 {[%clk 00:02:02]} {[%emt 00:00:29]} f6 {[%clk 00:02:17]} {[%emt
00:00:28]} 38. g4 {[%clk 00:01:27]} {[%emt 00:00:44]} e5+ {[%clk 00:02:02]}
{[%emt 00:00:26]} 39. Kf3 {[%clk 00:01:35]} {[%emt 00:00:02]} Kf7 {[%clk
00:01:39]} {[%emt 00:00:34]} 40. gxh5 {[%clk 00:00:43]} {[%emt 00:01:01]} gxh5
{[%clk 00:01:48]} 41. Kg3 {[%clk 00:00:32]} {[%emt 00:00:22]} Nf8 {[%clk
00:01:09]} {[%emt 00:00:50]} 42. f4 {[%clk 00:00:35]} {[%emt 00:00:07]} Rd7
{[%clk 00:00:52]} {[%emt 00:00:27]} 43. Nc5 {[%clk 00:00:43]} {[%emt 00:00:02]}
exf4+ {[%clk 00:00:49]} {[%emt 00:00:13]} 44. Kxf4 {[%clk 00:00:31]} {[%emt
00:00:22]} Rd4+ {[%clk 00:00:49]} {[%emt 00:00:09]} 45. Ke3 {[%clk 00:00:27]}
{[%emt 00:00:14]} Rxh4 {[%clk 00:00:54]} {[%emt 00:00:07]} 46. Nxb7 {[%clk
00:00:34]} {[%emt 00:00:02]} Rh3+ {[%clk 00:01:01]} {[%emt 00:00:02]} 47. Kd4
{[%clk 00:00:34]} {[%emt 00:00:10]} Ne6+ {[%clk 00:00:38]} {[%emt 00:00:33]} 48.
Kd5 {[%clk 00:00:38]} {[%emt 00:00:06]} Rd3+ {[%clk 00:00:29]} {[%emt
00:00:19]} 49. Kc6 {[%clk 00:00:41]} {[%emt 00:00:08]} Rxb3 {[%clk 00:00:31]}
{[%emt 00:00:07]} 50. Rxe6 {[%clk 00:00:25]} {[%emt 00:00:25]} Rxb4 {[%clk
00:00:21]} {[%emt 00:00:21]} 51. Re4 {[%clk 00:00:32]} {[%emt 00:00:04]} Kg6
{[%clk 00:00:14]} {[%emt 00:00:17]} 52. Nd6 {[%clk 00:00:35]} {[%emt 00:00:06]}
a5 {[%clk 00:00:20]} {[%emt 00:00:05]} 53. Kd5 {[%clk 00:00:18]} {[%emt
00:00:26]} f5 {[%clk 00:25:10]} {[%emt 00:00:21]} 1-0

[Event "Kadettlandskamp NOR-SWE A 2018"]
[Site "NTG, Bærum, Norway"]
[Date "2018.12.15"]
[Round "1.3"]
[White "Söderström, Adrian"]
[Black "Tryggestad, Andreas"]
[Result "0-1"]
[BlackTitle "FM"]
[WhiteFideId "1745786"]
[BlackFideId "1513338"]
[WhiteElo "1949"]
[BlackElo "2189"]

1. d4 {[%clk 00:15:16]} {[%emt 00:00:02]} Nf6 {[%clk 00:15:19]} {[%emt
00:00:02]} 2. c4 {[%clk 00:15:21]} {[%emt 00:00:04]} c5 {[%clk 00:15:22]}
{[%emt 00:00:08]} 3. d5 {[%clk 00:15:30]} {[%emt 00:00:01]} e5 {[%clk
00:15:28]} {[%emt 00:00:04]} 4. Nc3 {[%clk 00:15:30]} {[%emt 00:00:10]} d6
{[%clk 00:15:36]} {[%emt 00:00:03]} 5. g3 {[%clk 00:15:30]} {[%emt 00:00:08]}
g6 {[%clk 00:15:43]} {[%emt 00:00:03]} 6. Bg2 {[%clk 00:15:38]} {[%emt
00:00:02]} Bg7 {[%clk 00:15:52]} {[%emt 00:00:02]} 7. Nf3 {[%clk 00:15:17]}
{[%emt 00:00:31]} O-O {[%clk 00:15:57]} {[%emt 00:00:05]} 8. O-O {[%clk
00:15:24]} {[%emt 00:00:02]} a6 {[%clk 00:16:03]} {[%emt 00:00:04]} 9. a4
{[%clk 00:12:45]} {[%emt 00:02:50]} Qe7 {[%clk 00:15:01]} {[%emt 00:01:11]} 10.
e4 {[%clk 00:10:31]} {[%emt 00:02:25]} h6 {[%clk 00:13:33]} {[%emt 00:01:38]}
11. Ne1 {[%clk 00:10:18]} {[%emt 00:00:23]} Nbd7 {[%clk 00:10:13]} {[%emt
00:03:30]} 12. Nd3 {[%clk 00:10:02]} {[%emt 00:00:25]} Ne8 {[%clk 00:09:38]}
{[%emt 00:00:45]} 13. Be3 {[%clk 00:08:33]} {[%emt 00:01:39]} Kh7 {[%clk
00:07:32]} {[%emt 00:02:16]} 14. Qd2 {[%clk 00:07:56]} {[%emt 00:00:48]} f5
{[%clk 00:05:56]} {[%emt 00:01:46]} 15. Rae1 {[%clk 00:07:57]} {[%emt
00:00:08]} Nef6 {[%clk 00:05:25]} {[%emt 00:00:41]} 16. f4 {[%clk 00:07:07]}
{[%emt 00:01:00]} exf4 {[%clk 00:03:19]} {[%emt 00:02:16]} 17. Bxf4 {[%clk
00:06:52]} {[%emt 00:00:24]} Nxe4 {[%clk 00:01:26]} {[%emt 00:02:04]} 18. Nxe4
{[%clk 00:06:51]} {[%emt 00:00:11]} fxe4 {[%clk 00:01:35]} {[%emt 00:00:01]} 19.
Rxe4 {[%clk 00:05:20]} {[%emt 00:01:40]} Ne5 {[%clk 00:01:26]} {[%emt
00:00:20]} 20. Rfe1 {[%clk 00:04:47]} {[%emt 00:00:42]} Bf5 {[%clk 00:01:26]}
{[%emt 00:00:10]} 21. R4e3 {[%clk 00:04:35]} {[%emt 00:00:22]} Bxd3 {[%clk
00:00:50]} {[%emt 00:00:46]} 22. Rxd3 {[%clk 00:04:43]} {[%emt 00:00:03]} Qf7
{[%clk 00:00:28]} {[%emt 00:00:31]} 23. Bxe5 {[%emt 00:00:12]} Bxe5 24. Rf3
{[%clk 00:04:43]} {[%emt 00:00:08]} Qg7 {[%clk 00:00:47]} 25. b3 {[%clk
00:04:48]} {[%emt 00:00:05]} Rxf3 {[%clk 00:00:55]} {[%emt 00:00:02]} 26. Bxf3
{[%clk 00:04:56]} {[%emt 00:00:01]} Bc3 {[%clk 00:01:05]} 27. Qe2 {[%clk
00:05:00]} {[%emt 00:00:07]} Bxe1 {[%clk 00:01:11]} {[%emt 00:00:04]} 28. Qxe1
{[%clk 00:05:09]} Rf8 {[%clk 00:01:15]} {[%emt 00:00:06]} 29. Qe3 {[%clk
00:05:04]} {[%emt 00:00:15]} Qd4 {[%clk 00:00:32]} {[%emt 00:00:53]} 30. Qxd4
{[%clk 00:04:26]} {[%emt 00:00:48]} cxd4 {[%clk 00:00:42]} {[%emt 00:00:01]} 31.
Kf2 {[%clk 00:04:35]} a5 {[%clk 00:00:20]} {[%emt 00:00:32]} 32. Ke2 {[%clk
00:04:35]} {[%emt 00:00:09]} Re8+ {[%clk 00:00:29]} 33. Kd2 {[%clk 00:04:39]}
{[%emt 00:00:07]} Re3 {[%clk 00:00:36]} {[%emt 00:00:03]} 34. Bd1 {[%clk
00:04:48]} Kg7 {[%clk 00:00:35]} {[%emt 00:00:11]} 35. Bc2 {[%clk 00:04:34]}
{[%emt 00:00:24]} Kf6 {[%clk 00:00:38]} {[%emt 00:00:08]} 36. Bd1 {[%clk
00:04:39]} {[%emt 00:00:05]} Ke5 {[%clk 00:00:17]} {[%emt 00:00:31]} 37. Bc2
{[%clk 00:04:46]} {[%emt 00:00:03]} g5 {[%clk 00:00:27]} 38. Bd1 {[%clk
00:04:43]} {[%emt 00:00:14]} b6 {[%clk 00:00:32]} {[%emt 00:00:05]} 39. Kc2
{[%clk 00:04:48]} {[%emt 00:00:05]} Rc3+ {[%clk 00:00:16]} {[%emt 00:00:26]} 40.
Kb2 {[%clk 00:04:33]} {[%emt 00:00:26]} Ke4 {[%clk 00:00:19]} {[%emt 00:00:06]}
41. Bg4 {[%clk 00:04:03]} {[%emt 00:00:39]} Ke3 {[%clk 00:00:25]} {[%emt
00:00:05]} 42. Bf5 {[%clk 00:03:34]} {[%emt 00:00:39]} Kf2 {[%clk 00:00:30]}
{[%emt 00:00:04]} 43. Be6 {[%clk 00:03:20]} {[%emt 00:00:25]} Kg2 {[%clk
00:00:36]} {[%emt 00:00:04]} 44. g4 {[%clk 00:03:21]} {[%emt 00:00:08]} Kxh2
{[%clk 00:00:44]} {[%emt 00:00:02]} 45. Bf5 {[%clk 00:03:11]} {[%emt 00:00:21]}
Kg3 {[%clk 00:00:53]} 46. Bd7 {[%clk 00:03:17]} {[%emt 00:00:04]} Kh4 {[%clk
00:01:01]} {[%emt 00:00:02]} 0-1

[Event "Kadettlandskamp NOR-SWE A 2018"]
[Site "NTG, Bærum, Norway"]
[Date "2018.12.15"]
[Round "1.4"]
[White "Nordquelle, Daniel"]
[Black "Jönsson, Jacob"]
[Result "1-0"]
[WhiteTitle "FM"]
[WhiteFideId "1519042"]
[BlackFideId "1726315"]
[WhiteElo "2020"]
[BlackElo "1724"]

1. e4 {[%clk 00:15:19]} e6 {[%clk 00:15:19]} 2. d4 {[%clk 00:15:17]} {[%emt
00:00:12]} d5 {[%clk 00:15:28]} {[%emt 00:00:01]} 3. Nc3 {[%clk 00:15:27]} Bb4
{[%clk 00:15:37]} {[%emt 00:00:01]} 4. e5 {[%clk 00:15:36]} c5 {[%clk
00:15:46]} 5. Qg4 {[%clk 00:15:45]} g6 {[%clk 00:15:54]} {[%emt 00:00:02]} 6.
dxc5 {[%clk 00:15:53]} {[%emt 00:00:03]} Bxc3+ {[%clk 00:15:49]} {[%emt
00:00:15]} 7. bxc3 {[%clk 00:16:02]} {[%emt 00:00:01]} Qa5 {[%clk 00:15:57]}
{[%emt 00:00:02]} 8. Bd2 {[%clk 00:16:11]} Qxc5 {[%clk 00:16:05]} {[%emt
00:00:02]} 9. Bd3 {[%clk 00:16:19]} {[%emt 00:00:02]} Nc6 {[%clk 00:16:12]}
{[%emt 00:00:03]} 10. Nf3 {[%clk 00:16:28]} {[%emt 00:00:02]} Bd7 {[%clk
00:15:41]} {[%emt 00:00:40]} 11. O-O {[%clk 00:16:21]} {[%emt 00:00:18]} O-O-O
{[%clk 00:15:41]} {[%emt 00:00:10]} 12. Rab1 {[%clk 00:16:15]} {[%emt
00:00:15]} f6 {[%clk 00:15:30]} {[%emt 00:00:21]} 13. Rfe1 {[%clk 00:14:55]}
{[%emt 00:01:31]} f5 {[%clk 00:14:02]} {[%emt 00:01:39]} 14. Qh4 {[%clk
00:14:01]} {[%emt 00:01:03]} h6 {[%clk 00:12:46]} {[%emt 00:01:25]} 15. Nd4
{[%clk 00:10:34]} {[%emt 00:03:37]} a6 {[%clk 00:08:59]} {[%emt 00:03:57]} 16.
Nb3 {[%clk 00:10:32]} {[%emt 00:00:11]} Qe7 {[%clk 00:08:51]} {[%emt 00:00:19]}
17. Qg3 {[%clk 00:10:09]} {[%emt 00:00:27]} g5 {[%clk 00:08:32]} {[%emt
00:00:34]} 18. Qe3 {[%clk 00:09:45]} {[%emt 00:00:33]} Nb8 {[%clk 00:04:49]}
{[%emt 00:03:54]} 19. Qa7 {[%clk 00:09:06]} {[%emt 00:00:48]} Bc6 {[%clk
00:04:33]} {[%emt 00:00:27]} 20. Nc5 {[%clk 00:08:19]} {[%emt 00:00:56]} b5
{[%clk 00:03:11]} {[%emt 00:01:33]} 21. Qb6 {[%clk 00:07:17]} {[%emt 00:01:10]}
Re8 {[%clk 00:01:58]} {[%emt 00:01:26]} 22. Nxa6 {[%clk 00:07:02]} {[%emt
00:00:25]} Qb7 {[%clk 00:01:54]} {[%emt 00:00:13]} 23. Qxb7+ {[%clk 00:07:10]}
{[%emt 00:00:02]} Kxb7 {[%clk 00:02:03]} {[%emt 00:00:02]} 24. Nc5+ {[%clk
00:06:52]} {[%emt 00:00:27]} Kc7 {[%clk 00:01:55]} {[%emt 00:00:17]} 25. Bxb5
{[%clk 00:06:22]} {[%emt 00:00:40]} Re7 {[%clk 00:01:51]} {[%emt 00:00:16]} 26.
c4 {[%clk 00:06:04]} {[%emt 00:00:27]} Rhh7 {[%clk 00:01:15]} {[%emt 00:00:46]}
27. Re3 {[%clk 00:05:23]} {[%emt 00:00:51]} Kc8 {[%clk 00:01:04]} {[%emt
00:00:21]} 28. Reb3 {[%clk 00:05:07]} {[%emt 00:00:25]} Ra7 {[%clk 00:00:45]}
{[%emt 00:00:29]} 29. Nxe6 {[%clk 00:04:45]} {[%emt 00:00:31]} dxc4 {[%clk
00:00:30]} {[%emt 00:00:26]} 30. Bxc4 {[%clk 00:04:50]} {[%emt 00:00:05]} Rhb7
{[%clk 00:00:35]} {[%emt 00:00:04]} 31. Rxb7 {[%clk 00:04:34]} {[%emt
00:00:25]} Bxb7 {[%clk 00:00:44]} {[%emt 00:00:02]} 32. Be3 {[%clk 00:03:39]}
{[%emt 00:01:05]} Ra4 {[%clk 00:00:41]} {[%emt 00:00:13]} 33. Bb3 {[%clk
00:02:57]} {[%emt 00:00:52]} Rb4 {[%clk 00:00:49]} {[%emt 00:00:02]} 34. a3
{[%clk 00:02:50]} {[%emt 00:00:18]} Rb5 {[%clk 00:00:55]} {[%emt 00:00:03]} 35.
Nd4 {[%clk 00:02:59]} {[%emt 00:00:02]} Rxe5 {[%clk 00:00:37]} {[%emt
00:00:28]} 36. Bxg8 {[%clk 00:03:07]} {[%emt 00:00:02]} Nd7 {[%clk 00:00:36]}
{[%emt 00:00:09]} 37. Bc4 {[%clk 00:03:07]} {[%emt 00:00:12]} f4 {[%clk
00:00:36]} {[%emt 00:00:09]} 38. Bd2 {[%clk 00:03:16]} {[%emt 00:00:02]} Re4
{[%clk 00:00:38]} {[%emt 00:00:09]} 39. Bc3 {[%clk 00:03:19]} {[%emt 00:00:05]}
Ne5 {[%clk 00:00:42]} {[%emt 00:00:07]} 40. Bd3 {[%clk 00:03:19]} {[%emt
00:00:10]} Nxd3 {[%clk 00:00:50]} {[%emt 00:00:02]} 41. cxd3 {[%clk 00:03:28]}
{[%emt 00:00:01]} Re7 {[%clk 00:00:55]} {[%emt 00:00:05]} 42. f3 {[%clk
00:03:29]} {[%emt 00:00:08]} Re3 {[%clk 00:00:57]} {[%emt 00:00:09]} 43. Rd1
{[%clk 00:03:32]} {[%emt 00:00:05]} Ba6 {[%clk 00:01:02]} {[%emt 00:00:05]} 44.
Nf5 {[%clk 00:03:18]} {[%emt 00:00:24]} 1-0